Icelandair Destinations - Statistics

General Stats
  • This quiz has been taken 62 times
  • The average score is 40 of 65
Answer Stats
Country Destination % Correct
Spain Barcelona
87%
United Kingdom London
87%
Germany Berlin
85%
Denmark Copenhagen
85%
Ireland Dublin
85%
United States New York
85%
Norway Oslo
85%
Sweden Stockholm
85%
Canada Toronto
85%
Netherlands Amsterdam
83%
Belgium Brussels
81%
United Kingdom Manchester
81%
Greenland Nuuk
81%
Italy Rome
81%
Norway Bergen
79%
United States Boston
79%
United Kingdom Edinburgh
79%
Finland Helsinki
79%
Turkey Istanbul
79%
Portugal Lisbon
79%
Italy Milan
79%
France Paris
79%
Switzerland Zürich
79%
United States Chicago
77%
Germany Frankfurt
77%
United Kingdom Glasgow
77%
Czech Republic Prague
77%
Iceland Reykjavík
74%
Switzerland Geneva
72%
Sweden Gothenburg
72%
Germany Hamburg
72%
United States Miami
72%
Germany Munich
70%
Austria Salzburg
66%
United States Washington
66%
United States Denver
62%
Austria Innsbruck
62%
Canada Vancouver
60%
Iceland Akureyri
57%
United States Newark
57%
Spain Alicante
55%
United States Detroit
55%
France Nice
55%
United States Seattle/Tacoma
55%
Canada Halifax
53%
United States Minneapolis
53%
United States Orlando
53%
Spain Málaga
51%
United States Pittsburgh
51%
United States Baltimore
49%
Denmark Billund
49%
Spain Tenerife
47%
Italy Verona
47%
United States Portland
45%
Spain Gran Canaria
40%
United States Nashville
40%
United States Raleigh/Duraham
36%
Iceland Isafjordur
32%
Iceland Egilsstaðir
26%
Iceland Höfn
15%
Faroe Islands Sørvágur
13%
Greenland Kulusuk
9%
Greenland Narsarsuaq
9%
Greeland Ilulissat
6%
Iceland Vestmannaeyjar
6%
No matching quizzes found
Score Distribution
Percent of People with Each Score
Percentile by Number Answered
Your Score History
You have not taken this quiz